[Event "Horgen CS"]
[Site "Horgen"]
[Date "1994.??.??"]
[Round "6"]
[White "Lautier, Joel"]
[Black "Kasparov, Garry"]
[Result "1/2-1/2"]
[WhiteElo "2645"]
[BlackElo "2805"]
[Annotator "Lautier,J"]
[PlyCount "67"]
[EventDate "1994.09.??"]
[EventType "tourn"]
[EventRounds "11"]
[EventCountry "SUI"]
[EventCategory "16"]
[SourceTitle "CBM 043"]
[Source "ChessBase"]
[SourceDate "1994.12.01"]
[SourceVersion "1"]
[SourceVersionDate "1994.12.01"]
[SourceQuality "1"]

1. c4 g6 2. e4 Bg7 3. d4 d6 4. Nc3 Nf6 5. f3 O-O 6. Bg5 a6 7. Qd2 Nbd7 8. Nge2
c5 9. Bh6 $1 Bxh6 10. Qxh6 b5 11. h4 b4 $5 $146 12. Nd5 (12. Nd1 $6 cxd4 13.
Nxd4 Qb6 {/\ e6, d5|^}) 12... e5 $2 (12... e6 13. Nxf6+ (13. Ne3 $6 Qa5 $1 14.
d5 (14. h5 $2 b3+ 15. Kf2 cxd4 (15... Qxa2 $4 16. Rxa2 bxa2 17. Nc2 $18) 16.
Nxd4 Qd2+ 17. Ne2 Qxb2 $19) 14... exd5 15. cxd5 Ne5 $36) 13... Qxf6 14. O-O-O
a5 $13 {/\ a4-a3}) 13. Nxf6+ $6 (13. h5 $1 {Kasparov} cxd4 (13... exd4 $2 14.
Nef4 Re8 15. hxg6 fxg6 16. Nxg6 Ra7 17. Qg5 Kf7 18. Ngf4 Rg8 19. Qf5 $18 {->})
(13... Nxd5 $2 14. hxg6 $1 N5f6 15. g7 Re8 16. d5 $1 $18 {/\ g4-g5}) 14. g4 $1
g5 $8 (14... Nxd5 $2 15. hxg6 N5f6 16. g7 $1 Re8 17. g5 $18) (14... Bb7 $2 15.
g5 Nxh5 (15... Nxd5 16. hxg6 $18) (15... Bxd5 16. gxf6 $18) 16. Rxh5 gxh5 17.
Nf6+ Nxf6 18. gxf6 $18) 15. Qxg5+ Kh8 16. Nxb4 Qa5 17. a3 Rb8 18. Rd1 $16)
13... Qxf6 14. dxe5 dxe5 (14... Nxe5 $6 15. Nf4 $14) 15. Rd1 $1 {/\ Nc1-d3} Rd8
(15... Re8 $6 16. Nc1 Nf8 $6 17. Rd5 Ne6 18. Nd3 $16) 16. Qg5 $6 (16. Nc1 Bb7
17. Nd3 Rac8 18. h5 $1 (18. Qg5 {see the game}) 18... Nf8 19. hxg6 fxg6 {
/\ Rc7, Ne6} 20. Rh5 $5 (20. Qh2 Re8 $14) 20... Rd6 21. Qg5 (21. Nxe5 $4 Rxd1+
22. Kxd1 Qd8+ $19) (21. Rxe5 $4 Rxd3 $19) 21... Qg7 22. Rh2 Nd7 23. g3 $14 {
/\ Bh3}) 16... Bb7 $6 (16... Qxg5 17. hxg5 Bb7 18. Nc1 Nf8 19. Nd3 Ne6 20. Nxe5
Rxd1+ 21. Kxd1 Rd8+ 22. Bd3 Nxg5 23. Ke2 Ne6 $10) 17. Nc1 $6 (17. Qxf6 $1 Nxf6
18. Nc1 Rxd1+ 19. Kxd1 Rd8+ 20. Kc2 Rd6 (20... Bc6 21. Nd3 Nd7 22. Be2 {/\ Rd1}
(22. g3 $2 f5 $1) (22. h5 $5) 22... Kf8 23. Ra1 $1 $14 {/\ a3}) 21. Nb3 Nd7 22.
g3 Bc6 (22... f5 $2 23. Bh3 fxe4 24. Bxd7 Rxd7 25. Nxc5 $18) 23. Na5 (23. Bh3
Ba4 $10) 23... Kf8 24. Bh3 (24. h5 $5 $14) 24... Ke7 25. Ra1 $14 {/\ a3} (25.
h5 $14)) 17... Kg7 $6 (17... Qxg5 18. hxg5 Nf8 19. Nd3 Ne6 $10) 18. Nd3 Rac8
19. Qxf6+ Kxf6 20. g3 Nf8 21. Bh3 Rc7 22. Nf2 $1 {/\ Ng4} Rxd1+ 23. Kxd1 h5 $6
(23... Bc8 24. Bxc8 Rxc8 25. Ke2 (25. Ng4+ Ke6 26. Ke2 f5 27. Ne3 fxe4 28. fxe4
Nd7 29. Nd5 Nf6 $10) 25... Ke7 $1 (25... Rd8 26. Ng4+ (26. h5 $14) 26... Ke6
27. Ne3 f5 28. Nd5 a5 29. h5 $14) (25... Ke6 26. h5 $14 (26. Rd1 Nd7 $10)) 26.
Ng4 f6 27. h5 g5 28. Ne3 Ne6 29. Nf5+ (29. Nd5+ Kf7 30. Ke3 a5 $10) 29... Kd7
$10 {/\ Nd4}) 24. Ke2 a5 (24... Bc8 $2 25. Bxc8 Rxc8 26. Rd1 Ke7 27. Rd5 f6 28.
Nd3 Ne6 29. Ke3 $16 {/\ f4}) 25. Nd1 $2 (25. g4 $1 Ke7 (25... hxg4 $2 26. Nxg4+
Ke6 27. Rd1 $16) (25... Ne6 $6 26. g5+ Ke7 27. Bxe6 Kxe6 28. Nd3 {/\ Ke3, Rf1,
f4+/-}) 26. g5 Bc8 27. Bxc8 Rxc8 28. Nd3 (28. Rd1 Ne6 $10) 28... f6 $5 29. f4 (
29. gxf6+ Kxf6 {/\ Ne6=}) 29... Ne6 $5 (29... exf4 30. Nxf4 $14) 30. gxf6+ Kxf6
31. fxe5+ Kg7 32. Rf1 Rf8 $14) 25... Ne6 26. Bxe6 Kxe6 27. Ne3 f5 $10 28. Nd5
Rf7 29. b3 fxe4 30. fxe4 Kd6 31. Rd1 Kc6 32. Ne3 Kc7 33. Nd5+ Kc6 34. Ne3
1/2-1/2

[Event "Olympiad-31"]
[Site "Moscow"]
[Date "1994.12.05"]
[Round "5.1"]
[White "Lautier, Joel"]
[Black "Shirov, Alexei"]
[Result "1-0"]
[WhiteElo "2645"]
[BlackElo "2740"]
[Annotator "Lautier,J"]
[PlyCount "85"]
[EventDate "1994.12.01"]
[EventType "team-swiss"]
[EventRounds "14"]
[EventCountry "RUS"]
[SourceTitle "CBM 045"]
[Source "ChessBase"]
[SourceDate "1995.04.01"]
[SourceVersion "1"]
[SourceVersionDate "1995.04.01"]
[SourceQuality "1"]
[WhiteTeam "France"]
[BlackTeam "Latvia"]
[WhiteTeamCountry "FRA"]
[BlackTeamCountry "LAT"]

1. d4 {Shirov} Nf6 2. c4 g6 3. Nc3 Bg7 4. e4 d6 5. f3 O-O 6. Bg5 c5 7. d5 Qa5 {
/\ b5} 8. a4 $1 (8. Qd2 {Shirov} e6 9. Bd3 exd5 10. cxd5 Nbd7 11. Nge2 Ne5 12.
O-O Bd7 13. a3 b5 14. b4 $1 cxb4 15. axb4 Qxb4 16. Rfb1 $16 {Lutsko,I-Bologan,
V/Nikolaev(zt)/1993/}) (8. Bd2 {Shirov} e6 9. Nge2 exd5 10. cxd5 b5 11. Qc1 Re8
12. a3 $1 Qb6 13. b4 Nbd7 14. Nf4 $14 {Ionescu,C-Timoshenko,G/Caciulata/1992/})
(8. Qc2 {Shirov} e6 9. Bd2 a6 10. a4 Qd8 11. Nge2 a5 $1 12. Ng3 Na6 13. Bg5 h6
14. Be3 Nh7 15. Qd2 Nb4 16. Be2 h5 17. O-O e5 $10 {Yusupov,A-Bologan,V/GER/
1994/}) 8... a6 (8... Na6 9. Qd2 Nb4 10. Ra3 h6 11. Be3 h5 12. Nge2 e5 13. dxe6
$1 Bxe6 14. Nf4 Rfe8 15. Be2 Nc6 16. Nb5 $1 Qxd2+ 17. Kxd2 $14 {
Lautier-Bologan, Moscow Olympiad 1994}) 9. Ra3 e6 10. Qd2 Qb4 (10... Re8 $5 {
Shirov}) 11. Qc2 $5 (11. a5 exd5 (11... b6 $2 12. Qc2 $16) 12. cxd5 b5 13. Nge2
(13. axb6 Nbd7 $10) 13... Nbd7 $13 {/\ Ne5-c4}) (11. Be2 {Shirov} Re8 $1 12. a5
exd5 13. cxd5 b5 14. axb6 Qxb6 15. Bd1 Nfd7 16. Nge2 Ne5 17. b3 a5 18. O-O Na6
$10 {Ionescu,C-Timoshenko,G/Bucharest/1993/}) 11... exd5 12. cxd5 (12. Bd2 $2
dxc4 13. Nd5 (13. Nb5 axb5 14. Bxb4 cxb4 $17 {|^}) 13... Nxd5 14. Bxb4 cxb4 $17
) 12... Nbd7 (12... Re8 $5 {Shirov}) 13. Nh3 (13. Bd2 $5 {Shirov}) 13... c4 14.
Bd2 (14. Nf2 $6 Nc5 {/\} 15. Bd2 Nb3) 14... Ne5 (14... Nc5 $2 {Shirov} 15. Nb5
Nd3+ $8 16. Bxd3 cxd3 17. Qxd3 Qxb2 18. Nxd6 Bxh3 19. gxh3 $14) 15. Nf2 Qc5 16.
Be2 Bd7 17. a5 b5 (17... Bb5 $32 {Shirov} 18. O-O Nd3 $13) 18. axb6 Qxb6 19.
O-O Rab8 20. Rb1 Rfc8 21. Ncd1 $1 $14 {/\ Be3, Qd2, Bd4} (21. Qc1 $32 {Shirov})
21... Nxd5 $6 22. exd5 Bf5 23. Qc1 Bxb1 24. Qxb1 Qd4 25. Bc3 Qxd5 26. Rxa6 Qc5
$6 (26... Ra8 $142) 27. Ra5 Rb5 28. b4 $1 Qb6 (28... Nc6 29. Bxg7 Nxa5 (29...
Rxb4 30. Rxc5 Rxb1 31. Rxc6 Rxc6 32. Bc3 $16) 30. Bc3 $16 {/\ Qc1->} (30. Qa1
Qxb4 31. Bh8 (31. Bc3 Qb1 32. Qxb1 Rxb1 33. Bxa5 c3 $10 34. Bxc3 Rxc3 $13) (31.
Ng4 Qe1+ 32. Bf1 c3 33. Bxc3 Rxc3 34. Qxc3 Qxd1 35. Qc8+ Kg7 36. Qc3+ Kf8 37.
Qc8+ Ke7 38. Qc7+ Ke6 39. Qc8+ Ke7 $10) 31... Qe1+ 32. Bf1 c3 33. Bxc3 Rxc3 34.
Qxc3 Qxc3 35. Nxc3 $14)) 29. Rxb5 (29. Qa1 $2 Rxb4 $1) 29... Qxb5 30. Qa1 $1
$16 {/^a1-h8} Bf8 31. Ne4 (31. Ne3 $142 $16 {->}) 31... f5 32. Nd2 Nd3 $2 (
32... Nd7 {/\ d5}) 33. Qa7 $1 $18 {<->7, /\ Qd4} Re8 34. Kf1 Qd5 35. Ne3 Qf7
36. Qxf7+ Kxf7 37. Ndxc4 Nf4 38. Bd1 d5 39. Ne5+ Ke6 {/\ Bb4} 40. g3 Nh5 41.
Ba4 (41. Bb3 $2 Bxb4 $1 42. Bxd5+ Kd6 43. N5c4+ Kc5) 41... Ra8 42. Bb3 Nf6 43.
Nc6 (43. Nc6 Ra3 44. Bb2 $18) 1-0

[Event "Olympiad-31"]
[Site "Moscow"]
[Date "1994.12.12"]
[Round "11.1"]
[White "Lautier, Joel"]
[Black "Bologan, Viktor"]
[Result "1-0"]
[WhiteElo "2645"]
[BlackElo "2600"]
[Annotator "Bologan,V"]
[PlyCount "79"]
[EventDate "1994.12.01"]
[EventType "team-swiss"]
[EventRounds "14"]
[EventCountry "RUS"]
[SourceTitle "CBM 045"]
[Source "ChessBase"]
[SourceDate "1995.04.01"]
[SourceVersion "1"]
[SourceVersionDate "1995.04.01"]
[SourceQuality "1"]
[WhiteTeam "France"]
[BlackTeam "Moldova"]
[WhiteTeamCountry "FRA"]
[BlackTeamCountry "MDA"]

1. d4 {Belov Lautier Knaak} Nf6 2. c4 g6 3. Nc3 Bg7 4. e4 d6 5. f3 O-O 6. Bg5
c5 7. d5 Qa5 8. a4 $6 {Knaak: Lautier gibt dem Zug ein '!', wie ich meine, zu
Recht. Der einzige Nachteil - die Schwächung des Feldes b4 - kann in Kauf
genommen werden. Der Zug ermöglicht Ra3, wonach b7-b5 erschwert wird.} (8. Qc2
{Belov} e6 9. Bd2 a6 10. a4 Qd8 11. Nge2 a5 12. Ng3 Na6 13. Bg5 h6 14. Be3 Nh7
15. Qd2 Nb4 16. Be2 h5 17. O-O e5 $10 {Yusupov,A-Bologan,V/GER/1994}) (8. Qd2 {
Belov} a6 9. a4 e6 10. Nd1 (10. Ra3 $5) 10... Qxd2+ 11. Kxd2 Nbd7 12. Ne2 Ne5
13. Nec3 h6 14. Be3 Nh5 15. a5 f5 $1 $10 {Rajkovic,D-Bologan,V/YUG/1994/0,5/67/
}) 8... Na6 $1 {Knaak: Es ist naheliegend diesen Springer nach b4 zu führen.
Aber er steht dort bei weitem nicht so gut wie es den Anschein hat..} (8... a6
9. Ra3 {Knaak: The point of 8.a4} e6 10. Qd2 Qb4 $6 11. Qc2 exd5 12. cxd5 Nbd7
13. Nh3 c4 14. Bd2 $14 {Lautier,J-Shirov,A/Moscow olm/1994/}) (8... e6 {Belov}
9. Qd2 exd5 10. cxd5 a6 11. Nd1 Qc7 (11... Qxd2+ 12. Kxd2 Nbd7 13. Ne2 h6 14.
Be3 $14) 12. Ne2 Nbd7 13. Nec3 c4 $132) 9. Qd2 Nb4 10. Ra3 (10. Nge2 b5 $3 11.
cxb5 e6 (11... a6 {Belov} 12. Ra3 e6 $132) 12. dxe6 Bxe6 13. Nf4 d5 $1) 10...
h6 (10... e5 11. Nge2 h6 12. Be3 h5 13. Nc1 Qd8 14. Nd3 a5 15. Be2 Nh7 16. O-O
f5 $10) 11. Be3 h5 12. Nge2 e5 13. dxe6 (13. Nc1 Qd8 (13... Nh7 {Belov} 14. Be2
f5 $10)) 13... Bxe6 (13... fxe6 {Belov} 14. Nf4 Kh7 15. Be2 $16) 14. Nf4 Rfe8
15. Be2 Nc6 $6 (15... Rad8 16. O-O Nc6 17. Rd1 Nd4 $13 {Bologan} 18. Bxd4 cxd4
19. Nb5 $16 {Knaak}) (15... Nd7 $5 {Belov} 16. O-O Ne5 $132 17. Ncd5 $14 {Knaak
}) 16. Nb5 Qxd2+ (16... Rad8 {Belov} 17. Qxa5 Nxa5 18. Nc7 Re7 19. Ncxe6 fxe6
20. e5 $16) (16... Qd8 {Belov} 17. Nxd6 Re7 18. Bxc5 Rd7 19. Nd5 $16) 17. Kxd2
(17. Bxd2 Nd4 $8 18. Nxd4 cxd4 $10) 17... Re7 18. Nd5 Rd7 (18... Bxd5 {Belov}
19. cxd5 Nb4 20. Nxd6 $18) 19. a5 $16 Ne8 20. Kc1 Bxd5 21. cxd5 Nb4 (21... Ne7
$5 {Belov} 22. Rb3 f5 23. Na3 fxe4 24. fxe4 Nf6 25. Bf3 Ng4 $5) (21... Ne5 $6 {
Belov} 22. h3 f5 23. f4 Nf7 24. exf5 gxf5 25. Bxh5 $18) 22. Bd2 f5 23. exf5
gxf5 24. Bc4 a6 (24... Nf6 {Belov} 25. Re1 (25. Bf4 $5 Bf8 26. Re1 Kg7 $5)
25... Kh7 26. Bxb4 cxb4 27. Rd3 Rc8 28. b3 $16) 25. Nc3 Nc7 26. Na4 Re8 27. Re1
$6 (27. Rb3 $5 Nb5 28. Bxb4 cxb4 29. Rxb4 Nd4 {/\Rde7+/=/}) 27... Rxe1+ 28.
Bxe1 Nb5 (28... Re7 {Belov} 29. Bd2 Kh7 30. Nb6 Bh6 $5) 29. Bxb4 cxb4 30. Rb3
Bh6+ 31. Kd1 Rg7 32. Rxb4 $2 (32. Bf1 Rc7 33. Rxb4 Rc1+ 34. Ke2 Rc2+ 35. Kd1
Rc1+ $10) (32. g3 {Belov} f4 33. Rxb4 fxg3 34. hxg3 Rxg3 35. Bxb5 axb5 36. Rxb5
h4 37. Rxb7 h3 $17) 32... Rxg2 33. Bxb5 axb5 34. Rxb5 Rxh2 35. Rxb7 h4 36. a6
Be3 37. Nb6 (37. a7 $2 {Belov} Bxa7 38. Rxa7 h3 39. Ke1 Rc2 40. Kf1 h2 $19)
37... h3 38. Nd7 $4 (38. a7 Rh1+ 39. Ke2 Ra1 40. a8=Q+ (40. Rb8+ {Belov} Kg7
41. a8=Q Rxa8 42. Rxa8 h2 43. Ra1 Bg1 $13) 40... Rxa8 41. Nxa8 h2 42. Kxe3 h1=Q
$17) 38... Bd4 $4 (38... Rd2+ 39. Ke1 h2 40. Nf6+ Kf8 41. Rh7 Rxb2 42. Kf1 Rf2+
43. Ke1 Rg2 $19) 39. Nf6+ Kf8 (39... Bxf6 {Belov} 40. a7 Rh1+ 41. Ke2 Ra1 42.
Rb8+ Kf7 43. a8=Q Rxa8 44. Rxa8 h2 45. Ra1 Bxb2 46. Rh1 Be5 47. Ke3 Bg3 48. f4
$18) 40. a7 $138 (40. a7 {Belov; ? Knaak} Bxa7 $1 {Knaak} (40... Rh1+ 41. Kc2
Bxa7 (41... Ra1 42. Rb8+ Kf7 43. a8=Q Rxa8 44. Rxa8 Kxf6 45. f4 $18) 42. Rxa7
h2 43. Rh7 $18) 41. Rxa7 Rg2 42. Rd7 $1 (42. Nd7+ Ke8 43. Nf6+ Kd8) 42... h2
43. Nh7+ Ke8 44. Nf6+ Kf8 45. Nh7+ Kg8 46. Nf6+ Kf8 $10 (46... Kh8 47. Rh7#))
1-0

[Event "Candidates FIDE f2"]
[Site "Sanghi Nagar"]
[Date "1995.??.??"]
[Round "2"]
[White "Salov, Valery"]
[Black "Kamsky, Gata"]
[Result "1/2-1/2"]
[WhiteElo "2715"]
[BlackElo "2710"]
[Annotator "Ftacnik,L"]
[PlyCount "54"]
[EventDate "1995.02.??"]
[EventType "match"]
[EventRounds "7"]
[EventCountry "IND"]
[SourceTitle "CBM 045"]
[Source "ChessBase"]
[SourceDate "1995.04.01"]
[SourceVersion "1"]
[SourceVersionDate "1995.04.01"]
[SourceQuality "1"]

1. d4 Nf6 2. c4 g6 3. Nc3 Bg7 4. e4 d6 5. f3 O-O 6. Bg5 (6. Be3 c5 7. dxc5 dxc5
8. Qxd8 Rxd8 9. Bxc5 Nc6 10. Nge2 b6 11. Ba3 e6 (11... Bb7 12. Rd1 Nd7 13. Nd5
Nde5 14. Nc1 e6 15. Ne7+ Nxe7 16. Bxe7 Rxd1+ 17. Kxd1 Re8 18. Ba3 f5 19. exf5
Nxf3 20. fxg6 Rd8+ 21. Bd3 hxg6 22. Kc2 Ne5 23. Re1 Bxg2 24. Be4 {Lautier,
J-Georgiev,Ki/Biel (09)/1992/0.5 (78)}) 12. Nb5 (12. Rd1 Bb7 (12... Nd7 13. b3
Bb7 14. g3 Nde5 15. Bg2 Nd3+ 16. Kf1 a6 17. f4 b5 18. Bc1 bxc4 19. bxc4 f6 $5
20. Be3 $2 {Brenninkmeijer,J-Gelfand,B/Arnhem/1987/}) 13. b3 (13. Nc1 Nd7 14.
Be2 Nc5 15. Nb5 Rxd1+ 16. Kxd1 a6 17. Nc3 Nd4 18. Bxc5 bxc5 19. Nd3 Rd8 20. Na4
f5 21. Naxc5 Bc6 22. exf5 gxf5 23. Re1 a5 24. Bf1 $13 {Fuhrmann,D-Rasik,V/
Hamburg GER-chJI U20/1993/0-1 (69)}) 13... Ne5 14. Nd4 Nfd7 15. Na4 Bf8 16.
Bxf8 Kxf8 17. Be2 Nc5 18. Nc3 a5 19. Kf2 Rd7 20. Ke3 Rad8 21. f4 Nc6 22. Nxc6
Bxc6 23. Rxd7 Rxd7 24. Rd1 $16 {Stefansson,H-Mohr,G/Athens op (4)/1993/1-0 (63)
}) 12... Ne8 13. Nc1 Bb7 14. Nb3 a5 15. Be2 Nb4 16. Kf2 Nc2 17. Rad1 a4 18. Na1
Nxa3 19. bxa3 Bc6 20. Nc2 Bxb5 21. cxb5 Rdc8 22. Nb4 Rc3 23. Rd3 Rc5 24. Rhd1
$36 {Arbakov,V-Glek,I/Belgorod GMA-qual/1989/1-0 (59)}) 6... h6 7. Be3 c5 $5
$146 8. dxc5 dxc5 9. Qxd8 Rxd8 10. Bxc5 Nc6 11. Nge2 b6 12. Ba3 e6 13. Rd1 Bb7
14. Nb5 (14. Nc1) (14. b3 $5) 14... Ne8 (14... Rxd1+ 15. Kxd1 Rd8+ 16. Kc2 $13)
15. Nc1 (15. b3 Rxd1+ 16. Kxd1 Rd8+ 17. Kc2 a6 18. Nbc3 f5 $132) 15... Rxd1+
16. Kxd1 Rc8 (16... a6 17. Nc3 Bxc3 18. bxc3 Rc8 19. Nb3) 17. Nb3 (17. Be2 a6
18. Nc3 Bxc3 19. bxc3 Ne5 {xc4}) 17... a5 $1 18. Kc2 (18. c5 $5 a4 19. Nd2 bxc5
$17 20. Bxc5 Bxb2 21. Nc4 Ne5 22. Nxb2 Rxc5 23. Nxa4 Rc8 24. Nac3 f5 $132)
18... Ba6 19. Kb1 (19. Nc3 Bxc4 20. Bxc4 Nb4+ 21. Bxb4 axb4 $132) 19... a4 20.
Nc1 (20. Nd2 Bxb5 21. cxb5 Nd4 22. Bd3 Rd8 $132) 20... Na5 21. b3 axb3 22. axb3
Bxb5 23. cxb5 Nxb3 $1 24. Nxb3 Rc3 25. Ka2 (25. Kb2 Rc4+ 26. Ka2 Rc2+ 27. Kb1
Rc3) 25... Rc2+ 26. Kb1 Rc3 27. Ka2 Rc2+ 1/2-1/2

[Event "Biel"]
[Site "Biel"]
[Date "1995.??.??"]
[Round "2"]
[White "Dreev, Alexey"]
[Black "Shirov, Alexei"]
[Result "1-0"]
[WhiteElo "2670"]
[BlackElo "2695"]
[Annotator "Knaak,R"]
[PlyCount "69"]
[EventDate "1995.07.??"]
[EventType "tourn"]
[EventRounds "13"]
[EventCountry "SUI"]
[EventCategory "15"]
[SourceTitle "CBM 049"]
[Source "ChessBase"]
[SourceDate "1995.12.01"]
[SourceVersion "1"]
[SourceVersionDate "1995.12.01"]
[SourceQuality "1"]

1. d4 Nf6 2. c4 g6 3. Nc3 Bg7 4. e4 d6 5. f3 O-O 6. Bg5 c5 7. d5 Qa5 {Shirov
likes this move, which is also played very often by Bologan: /\b7-b5} (7... a6
{Rogers,I-Gelfand,B/Moscow olm ;CBM 45/1994/1/2-1/2/}) (7... e6 8. Nge2 $5 (8.
Qd2 exd5 9. Nxd5 Be6 10. Ne2 Bxd5 11. cxd5 Nbd7 12. Nc3 a6 13. a4 Qc7 14. Be2
c4 15. O-O b5 16. axb5 axb5 17. Be3 Qb7 18. Rfb1 Rxa1 19. Rxa1 b4 20. Nd1 Rc8
21. Rc1 Ne5 22. Kh1 h5 23. Bd4 Nfd7 24. Ne3 Nc5 25. Bxc5 Rxc5 26. Nxc4 Nxc4 27.
Rxc4 Rxc4 28. Bxc4 Qa7 29. g3 Qa1+ 30. Kg2 Qxb2 31. Qxb2 Bxb2 32. f4 Kf8 33. h3
Ke7 34. Kf3 Kd8 35. g4 hxg4+ 36. hxg4 f6 {1/2-1/2 Yusupov,A-Gelfand,B/Moscow
Alekhine ;CBM 33 1992}) 8... exd5 9. Nxd5 {-> game}) 8. Bd2 (8. a4 {Lautier,
J-ShirovA/Moscow olm ;CBM 45/1994/1-0}) (8. Qd2 e6 9. Nd1 Qxd2+ 10. Bxd2 b5 11.
Ne3 bxc4 12. Bxc4 exd5 13. Nxd5 Be6 14. Nxf6+ Bxf6 15. Bxe6 fxe6 16. O-O-O Nc6
17. Ne2 d5 18. exd5 exd5 19. Bh6 Rfd8 20. Nc3 Nd4 21. h4 Rd7 22. Bg5 Bg7 23.
Rhe1 Kf7 24. Be3 Rad8 25. Bg5 Rc8 26. Bf4 Bf6 27. Bg5 Bg7 28. Bf4 {1/2-1/2
Rogers,I-Shirov,A/Moscow olm (12) AUS-LAT ;CBM 45 1994}) (8. Qc2 e6 9. Bd2 a6
10. a4 Qd8 11. Nge2 a5 12. Ng3 Na6 13. Bg5 h6 14. Be3 Nh7 15. Qd2 Nb4 16. Be2
h5 17. O-O e5 18. Nh1 Bd7 19. Nf2 Qe8 20. Nb5 Qe7 21. Rae1 Bf6 22. g3 Bg5 23.
f4 Bh6 24. Bd1 Bxb5 25. axb5 a4 26. f5 Bxe3 27. Rxe3 Qg5 {Yusupov,A-Bologan,V/
GER-CupT (01) ;EXP 40 1994/1/2-1/2 (74)}) 8... e6 9. Nge2 (9. a4 Na6 10. Nge2
Nb4 11. Nc1 Qd8 12. Bg5 h6 13. Be3 Nh7 14. Nd3 f5 15. dxe6 Bxe6 16. Be2 Bxc4
17. Nxc5 Bf7 18. Nd3 fxe4 19. Nxe4 Nxd3+ 20. Qxd3 d5 21. Ng3 Ng5 22. O-O Ne6
23. Qd2 Kh7 24. Bd3 d4 25. Bf2 Nc5 26. Bc2 d3 27. Bxc5 dxc2 28. Qxc2 Rc8 {
Ionescu,Co-Varga,Zo/Odorheiu zt (01) ;CBM 47 1995/1/2-1/2 (75)}) 9... exd5 10.
Nxd5 Qd8 11. Bg5 Qa5+ $2 (11... Be6 $142 12. Nec3 Nc6 13. Qd2 Nd4 $13 {
Gulko-Agzamov/URS/1966/}) (11... h6 $142 $5 12. Nxf6+ Bxf6 13. Bxh6 Bxb2 14. h4
Nc6 15. Bxf8 Bxa1 16. Qxa1 Qxf8 17. h5 Qh6 {Haba,Z-Oral,T/CZE-ch ;TD93\10/1993/
0-1/}) 12. b4 $1 (12. Bd2 Qd8 13. Bg5 Qa5+ 14. Bd2 Qd8 $10) 12... Qd8 13. bxc5
Qa5+ (13... dxc5 $2 14. e5 $18) 14. Bd2 Qd8 (14... Qxc5 15. Bb4 Qxc4 16. Nd4
$18 {[%csl Yc4]}) 15. cxd6 $1 Nxd5 16. cxd5 Bxa1 17. Qxa1 Re8 (17... Qxd6 {
Dreev} 18. Bh6 Qb4+ 19. Kf2 Qc5+ 20. Kg3 Qd6+ 21. e5 Qxd5 22. Nf4 Qd8 23. e6 f6
24. Bc4 Qe7 25. Nd5 $18) 18. Qd4 $1 f6 19. Nc3 a6 (19... Qxd6 20. Nb5 Qd8 21.
Bc4 $18) 20. Qb4 b5 21. Be3 $1 (21. Be2 Qb6 $132) 21... Nd7 22. Be2 Ne5 23. O-O
Bd7 24. f4 Nf7 25. Bc5 $1 Rc8 26. Qd4 Rxc5 27. Qxc5 Bc8 28. a4 $1 Qxd6 (28...
bxa4 29. Ra1 $18) 29. Qxd6 Nxd6 30. axb5 Nxe4 (30... axb5 31. Bxb5 Nxb5 32.
Nxb5 Rxe4 33. Nd6 $18) 31. Nxe4 Rxe4 32. Rc1 Bf5 33. Bd3 Ra4 34. Bxf5 gxf5 35.
b6 (35. b6 Rb4 36. Rc8+ Kf7 37. Rc7+ Kg6 38. b7 a5 39. d6 $18) 1-0

[Event "Nussloch"]
[Site "Nussloch"]
[Date "1996.??.??"]
[Round "9"]
[White "Dreev, Alexey"]
[Black "Sokolov, Ivan"]
[Result "1-0"]
[WhiteElo "2670"]
[BlackElo "2665"]
[Annotator "Dautov,R"]
[PlyCount "69"]
[EventDate "1996.??.??"]
[EventType "tourn"]
[EventRounds "11"]
[EventCountry "GER"]
[EventCategory "15"]
[SourceTitle "CBM 053"]
[Source "ChessBase"]
[SourceDate "1996.08.01"]
[SourceVersion "1"]
[SourceVersionDate "1996.08.01"]
[SourceQuality "1"]

1. d4 Nf6 2. c4 g6 3. Nc3 Bg7 4. e4 d6 5. f3 O-O 6. Bg5 a6 7. Qd2 c5 8. d5 b5
9. cxb5 Qa5 10. a4 Nbd7 (10... axb5 11. Bxb5 Ba6 12. Nge2 $14) 11. Nge2 (11.
Ra3 Qb4 12. Na2 Qxd2+ 13. Bxd2 axb5 14. Bxb5 Ba6 15. Bxa6 Rxa6 16. Bc3 Rfa8 17.
b3 c4 18. a5 cxb3 19. Rxb3 Nc5 20. Rb5 Nfd7 21. Ne2 Bxc3+ 22. Naxc3 Rxa5 $10 {
Yusupov,A-Wahls,M/GER-CupT 1993}) 11... Nb6 12. Nc1 $1 {Eine wichtige Neuerung.
Der Springer wird nach a2 überführt, was beim Abtausch auf b5 das Schlagen mit
dem Bauern a4xb5 ermöglicht.} (12. Ra2 Nc4 13. Qc2 h6 14. Bc1 Bd7 15. b3 Nxd5
$1 16. bxc4 (16. exd5 Bf5) 16... Nb4 17. Qd2 Nxa2 18. Nxa2 Qxa4 19. Nec3 Qa5
$17 {Lutsko,I-Kornev,A/Kstovo op 1994}) 12... axb5 13. Bxb5 Ba6 14. N1a2 $1
Bxb5 (14... Nc4 15. Qe2 Bxb5 16. axb5 Nxb2 17. Qxb2 Nxe4 18. fxe4 Bxc3+ 19.
Nxc3 Qxa1+ 20. Bc1 $16) 15. axb5 Rfe8 (15... Rfb8 16. O-O Ne8 $2 (16... Kf8 $5
{/\Ne8-c7}) 17. Bxe7 f6 (17... Bd4+ 18. Kh1 f6 19. Qh6 $18) 18. e5 $1 Nc4 19.
Qe2 Nxe5 20. f4 $16) 16. O-O e6 17. dxe6 Rxe6 18. Rfb1 Nfd7 $2 {Etwas langsam
gespielt, Weiß bekommt nun genug Zeit, um seinen Figurenknoten auf dem
Damenflügel zu lösen. Energischer war} (18... d5 $1 19. Nc1 (19. exd5 Nfxd5 20.
Nxd5 Bd4+ 21. Kh1 Nxd5 22. Qxa5 Rxa5 $10) 19... Qxa1 20. Rxa1 Rxa1 21. Kf2 {
mit einer komplizierten Stellung.}) 19. Qd1 Ree8 20. Bd2 $1 $16 Bd4+ 21. Kh1 {
Es droht b2-b4.} Nc4 22. Be1 Qd8 23. Nc1 $1 Rxa1 24. Rxa1 Qg5 (24... Nxb2 $2
25. Qe2 $18) (24... Nde5 25. Qe2 $16) 25. Nb3 {Weiß konnte seine Stellung
konsolidieren und nun kommt sein Mehrbauer zur Geltung.} Bg7 26. Na5 $1 Nxa5 (
26... Ne3 27. Qd2 $16 {/\Nd5}) 27. Rxa5 Nb6 28. Ra6 $18 (28. Qxd6 $2 Qc1 29.
Qd1 Qxb2 $132) 28... Nc4 29. b6 $1 Rb8 (29... Nxb2 30. Qd2 $1 Qxd2 31. Bxd2 Rb8
(31... Nc4 32. b7 $18) 32. b7 Bf8 33. Ra8 Rxb7 34. Bh6 $18) 30. Nd5 Nxb2 31.
Qc2 c4 32. Bc3 Nd3 33. b7 $1 Nc5 (33... Bxc3 34. Qxc3 Nf2+ 35. Kg1 Nd1 36. Qd4
$18) 34. Ra8 Qd8 35. Ne7+ (35. Ne7+ Kf8 36. Nc6 Rxa8 37. Nxd8 Rxd8 38. Qb2 Bxc3
39. b8=Q $18) 1-0